000 01095nam0a22002651 4500
001 RU\INGAK2\INFOCOMM_322\NLR\5000110808
005 20250625202342.0
035 _a(NLR Aleph) 011022425
090 _a11074457
_c11074457
100 _a20121214d1976 |||y0rusy50 ca
101 0 _aspa
102 _aRU
105 _ay z||||
200 1 _aLa Gran Revolución Socialista de Octubre marca el camino hacia el comunismo
_eInforme en la Ses. solemne dedicada al 59 aniversario de la Gran Revolución Socialista de Octubre, celebrada en el Palacio de los congresos del Kremlin el 5 de nov. de 1976
_fF. D. Kulakov
210 _aM.
_cEd. de la Agencia de prensa "Novosti"
_d1976
215 _a32 с.
_d16 см
300 _aВ вып. дан.: Ф. Д. Кулаков. Свет Великого Октября озаряет путь к коммунизму
620 _aМосква
686 _aТ3(2)7,021"59"
_2rubbk
700 1 _aKulakov
_bF. D.
_f1918-
_gFedor Davydovič
801 1 _aRU
_bInfoComm
_c20121214
801 0 _aRU
_bNLR
_gPSBO
852 _aNLR
_jИр51 Д-2/338
942 _cBOOK
980 _aNB